000 00501nam a22001817a 4500
005 20240920161354.0
008 240920b |||||||| |||| 00| 0 eng d
020 _a978-93-6180-082-5
041 _aeng
082 _a615.1
100 _aSINGH, DR. SATYA PRAKASH AND JAGLAN, DR. DHARMENDRA
_98570
245 _aPHARMACOLOGY [ D. PHARMA, 2ND YEAR ]
250 _a2ND ED. 2024
260 _aLUCKNOW
_bTHAKUR PUBLICATION PVT. LTD
300 _a272;P
650 _aPHARMACY
_xD.PHARMA
942 _cBK
999 _c8699
_d8697